00284nam a2200121Ia 4500003000400000005001700004008004100021020001900062040001700081100002000098245001900118260002500137OSt20240229153204.0170524s9999 xx 000 0 und d a978-8188266265 ciimtu meerut aSHARMA- KAUSHAL 0aRADIO PRASARAN bPRATIBHA : NEW DELHI